| 000 | 00536nam a2200217Ia 4500 | ||
|---|---|---|---|
| 003 | OSt | ||
| 005 | 20221005121651.0 | ||
| 006 | a|||||r|||| 00| 0 | ||
| 007 | ta | ||
| 008 | 221004b |||||||| |||| 00| 0 kan d | ||
| 024 | _a46130 | ||
| 037 | _cTextual | ||
| 040 |
_aCRL _cCRL _bkan |
||
| 041 |
_2kan _akan |
||
| 082 | _aO33,6NRA5,2, J9 | ||
| 100 |
_aRanganna _9220456 |
||
| 245 | 0 | _aHonnashoola | |
| 650 | _aKANNAD LITERATURE | ||
| 942 |
_hO33,6NRA5,2, J9 _cTEXL _2cc |
||
| 999 |
_c1041880 _d1041880 |
||